[Event "Rio de Janeiro-ch 21st"]
[Site "Rio de Janeiro"]
[Date "1996.11.18"]
[Round "3"]
[White "Guimaraes, Wagner Peixoto"]
[Black "Freire, Octacilio Veloso Re"]
[Result "1-0"]
[WhiteElo "2277"]
[BlackElo "2055"]
[PlyCount "115"]
[EventDate "1996.11.16"]
[EventType "swiss"]
[EventRounds "7"]
[EventCountry "BRA"]
[SourceTitle "EXT 2006"]
[Source "ChessBase"]
[SourceDate "2005.11.24"]
[SourceVersion "1"]
[SourceVersionDate "2005.11.24"]
[SourceQuality "1"]

1. d4 Nf6 2. Bg5 c5 3. Nc3 cxd4 4. Qxd4 Nc6 5. Qh4 d6 6. 0-0-0 Bd7 7. e4 a6 8. f4 Qa5 9. Nf3 0-0-0 10. Bc4 Be8 11. Qe1 Nd7 12. Nd5 Qxe1 13. Rhxe1 h6 14. Bh4 g5 15. fxg5 hxg5 16. Bxg5 Nde5 17. Nxe5 Nxe5 18. Bf1 f6 19. Bf4 Ng6 20. Bg3 Bh6+ 21. Kb1 Bg5 22. Be2 Kb8 23. Nxe7 Nxe7 24. Rxd6 Rxd6 25. Bxd6+ Ka8 26. Bxe7 Rxh2 27. Bf3 Rh7 28. Bc5 Bc6 29. Rd1 Rh8 30. Bb6 Kb8 31. b3 Bf4 32. Rd8+ Rxd8 33. Bxd8 Be5 34. c4 Kc8 35. Bb6 Kd7 36. Kc2 Kd6 37. Kd3 Bd7 38. Bd4 a5 39. a3 Kc6 40. Bxe5 fxe5 41. g4 Kc5 42. g5 Be6 43. Kc3 b6 44. Bh5 Bg8 45. Bg6 Kd6 46. Be8 Ke7 47. Bc6 Bf7 48. Bd5 Bg6 49. b4 Kd6 50. Kd3 Be8 51. Ke3 Ke7 52. c5 bxc5 53. bxc5 Bb5 54. Kf3 Bd7 55. Kg3 Kf8 56. Kh4 Kg7 57. Bc4 Kg6 58. Be2 1-0